000 00515nam a2200169Ia 4500
008 090711s9999 xx 000 0 und d
082 _b15390
100 _aशुक्ल ना. गो.
245 _aलाख मोलाSाी जमीन
260 _c1965
300 _a100
600 _aशुक्ल ना. गो.
630 _aलाख मोलाSाी जमीन
700 _aशुक्ल ना. गो.
730 _aलाख मोलाSाी जमीन
942 _cBOOK
999 _c304825
_d304825